Pixel-Art-Rätselbild – Geheimnisse - Statistiken

Allgemein
  • Dieses Quiz wurde 78 mal gespielt
    48 seit der letzten Aktualisierung
  • Das Durchschnittsergebnis liegt bei 11 aus 17
Antworten auf der Karte
Die Antworten werden auf der Karte rot bzw. grün angezeigt, abhängig davon wie oft sie richtig erraten wurden.
 
Antwortstatistiken
Group Hint Antwort % Korrekt
Frage Person, deren Identität unbekannt ist Eine Lüge
98%
Frage Etwas, das man vor jemandem verbirgt Ein Geheimnis
98%
Frage Privater Ort, an dem man seine Gedanken und Gefühle schreibt Ein Tagebuch
90%
Frage Wort oder Phrase, die eingegeben wird, um Zugang zu einem Gerät zu erhalten Passwort
88%
Frage Etwas ohne Zustimmung von jemandem nehmen Stehlen
85%
Frage Werkzeug, um ein Schloss zu öffnen Schlüssel
83%
Frage Jemand, der heimlich Informationen über einen Feind sammelt Spion
83%
Frage Metallkasten, in dem Wertgegenstände aufbewahrt werden Tresor
80%
Frage Top-geheime US-Militärbasis Area {51}
76%
Frage Behälter, in dem Piraten ihren Schatz aufbewahren Truhe
76%
Frage Das zweite Buch der Harry-Potter-Reihe Die Kammer des Schreckens
66%
Frage Etwas, das noch nicht gelöst wurde Ein Rätsel
66%
Frage Eine unwahre Aussage Verboten
44%
Geheimnisbild Schloss
37%
Frage Etwas, das streng nicht erlaubt ist Anonym
27%
Frage Tinte, die nur unter UV-Licht sichtbar ist Unsichtbare Tinte
10%
Frage Zum Beispiel Caesar-, Pigpen- oder Morse-Code Chiffre
5%
Keine übereinstimmenden Quizze gefunden
Verteilung der Resultate
Anzahl Personen mit jedem Resultat
Perzentil nach korrekt beantworteten Fragen
Ihre Resultats-Entwicklung
Sie haben dieses Quiz seit der letzten Aktualisierung nicht gespielt